[Event "Camaguey-A"]
[Site "Camaguey"]
[Date "1987.??.??"]
[Round "?"]
[White "Ubilava, Elizbar"]
[Black "Lanc, Alois"]
[Result "1-0"]
[WhiteElo "2495"]
[BlackElo "2495"]

1.d4 Nf6 2.c4 e6 3.Nc3 Bb4 4.Nf3 c5 5.Bd2 cxd4 6.Nxd4 Nc6 7.Nc2 Be7 8.Bf4 d5
9.e3 Qa5 10.Qd2 O-O 11.cxd5 Nxd5 12.Nxd5 Qxd2+ 13.Kxd2 Rd8 14.Bd3 Rxd5 15.Ke2 e5
16.Bg3 Rxd3 17.Kxd3 Bf5+ 18.Kd2 Rd8+ 19.Kc1 Rc8 20.Kd1 Rd8+ 21.Kc1 Rc8 22.Ne1 Bb4
23.f3 Nd4+ 24.Kd1 Nc2 25.Nxc2 Bxc2+ 26.Ke2 Rd8 27.Be1 Bc5 28.Rc1 Bd3+ 29.Kf2 Bb6
30.Bb4 e4 31.Rhd1 Re8 32.Bc5 g6 33.Bxb6 axb6 34.Rc7 Ra8 35.a3 Rb8 36.Rdc1 Kg7
37.Rc8 Rxc8 38.Rxc8  1-0

[Event "Coimbatore"]
[Site "Coimbatore"]
[Date "1987.??.??"]
[Round "?"]
[White "Murugan, Krishnamoorthy"]
[Black "Sahu, Sekhar Chandra"]
[Result "1/2-1/2"]
[WhiteElo "2325"]
[BlackElo "2380"]

1.d4 Nf6 2.c4 e6 3.Nc3 Bb4 4.Nf3 c5 5.g3 b6 6.Bg2 Bb7 7.O-O cxd4 8.Nxd4 Bxg2
9.Kxg2 O-O 10.Qb3 Be7 11.Rd1 Qc8 12.Bg5 Nc6 13.Qc2 h6 14.Bxf6 Bxf6 15.Ndb5 a6
16.Nd6 Qb8 17.e3 Ra7 18.Rac1 Be7 19.Qd2 Rc7 20.e4 Ne5 21.Qe2 Rc6 22.f4 Ng6
23.c5 Rxc5 24.e5 Qa8+ 25.Qe4 Rc6 26.Na4 Bd8 27.Rxc6 dxc6 28.Qe3 c5+ 29.Qf3 Bc7
30.Nc3 Ne7 31.g4 Qxf3+ 32.Kxf3 Rd8 33.Ke4 Kf8 34.f5 exf5+ 35.gxf5 f6 36.exf6 gxf6
37.Nc4 Rxd1 38.Nxd1 b5 39.Nce3 h5 40.h3 Be5 41.b3 Kg7 42.a4 Kh6 43.axb5 axb5
44.h4 b4 45.Nf1 Bd4 46.Nd2 Nc6 47.Nf3 Na5 48.Nxd4 cxd4 49.Kxd4 Nxb3+ 50.Kd3 Na5
51.Ne3 Nb7 52.Nd5 Kg7 53.Nf4 Kh6 54.Nd5  1/2-1/2

[Event "Coimbatore"]
[Site "Coimbatore"]
[Date "1987.??.??"]
[Round "?"]
[White "Ravi, Lanka"]
[Black "Lukacs, Peter"]
[Result "0-1"]
[WhiteElo "2325"]
[BlackElo "2520"]

1.d4 Nf6 2.c4 e6 3.Nc3 Bb4 4.Nf3 c5 5.g3 cxd4 6.Nxd4 O-O 7.Bg2 d5 8.O-O dxc4
9.Ndb5 Nbd7 10.Qa4 Bc5 11.Qxc4 a6 12.Nd4 Qc7 13.e3 b5 14.Nxe6 Qb8 15.Qb3 fxe6
16.Qxe6+ Kh8 17.a3 Ne5 18.Qa2 Bb7 19.b4 Bb6 20.Qc2 Qc7 21.Bb2 Bxg2 22.Kxg2 Qc6+
23.e4 Nc4  0-1

[Event "Debrecen"]
[Site "Debrecen"]
[Date "1987.??.??"]
[Round "4"]
[White "Gauglitz, Gernot"]
[Black "Deak, Sandor"]
[Result "1-0"]
[WhiteElo "2480"]
[BlackElo "2330"]

1.d4 Nf6 2.c4 e6 3.Nc3 Bb4 4.Nf3 c5 5.g3 O-O 6.Bg2 cxd4 7.Nxd4 d5 8.Qb3 Bxc3+
9.bxc3 dxc4 10.Qa3 Nd5 11.O-O Nd7 12.Rd1 Qf6 13.Nb5 a6 14.Bxd5 axb5 15.Qxa8 Nb6
16.Qa5 Nxd5 17.Ba3 Rd8 18.e4 b6 19.Qxb5 Bd7 20.Qxc4 Nxc3 21.Bb2  1-0

[Event "Debrecen"]
[Site "Debrecen"]
[Date "1987.??.??"]
[Round "7"]
[White "Deak, Sandor"]
[Black "Horvath, Jozsef"]
[Result "1/2-1/2"]
[WhiteElo "2330"]
[BlackElo "2470"]

1.d4 Nf6 2.c4 e6 3.Nc3 Bb4 4.Nf3 c5 5.g3 cxd4 6.Nxd4 O-O 7.Bg2 d5 8.Qb3 Bxc3+
9.bxc3 Nc6 10.cxd5 Na5 11.Qa3 Nxd5 12.O-O Bd7 13.e4 Nc4 14.Qb3 Ndb6 15.Qd1 Rc8
16.Qh5 Na4 17.e5 Nxc3 18.Bg5 Qb6 19.Nf3 f6 20.exf6 gxf6 21.Bh6 Rf7 22.Rfe1 Nd6
23.Ne5 fxe5 24.Qg5+  1/2-1/2

[Event "Debrecen"]
[Site "Debrecen"]
[Date "1987.??.??"]
[Round "11"]
[White "Gauglitz, Gernot"]
[Black "Horvath, Jozsef"]
[Result "1-0"]
[WhiteElo "2480"]
[BlackElo "2470"]

1.d4 Nf6 2.c4 e6 3.Nc3 Bb4 4.Nf3 c5 5.g3 cxd4 6.Nxd4 O-O 7.Bg2 d5 8.Qb3 Bxc3+
9.bxc3 Nc6 10.cxd5 Na5 11.Qc2 Nxd5 12.O-O Bd7 13.e4 Nb6 14.Bf4 Rc8 15.Rfe1 Ba4
16.Qc1 Re8 17.e5 Nd5 18.Bg5 Qd7 19.Bf6 gxf6 20.exf6 Kh8 21.Qh6 Rg8 22.Be4 Nxf6
23.Qxf6+ Rg7 24.Nf3 Qd8 25.Qh6 Rxc3 26.h4 f6 27.h5 f5 28.Ne5 fxe4 29.Ng6+ Kg8
30.Nf4 Qb6 31.Kg2 Rf3 32.Re2 Bd7 33.Qf6 h6 34.Rd1 e5 35.Qxe5 Bc6 36.Ne6 Rff7
37.Qb8+ Kh7 38.Rd8 e3+ 39.Kh2 Qxd8 40.Qxd8 exf2 41.Nf8+  1-0

[Event "Debrecen"]
[Site "Debrecen"]
[Date "1987.??.??"]
[Round "11"]
[White "Deak, Sandor"]
[Black "Ambroz, Jan"]
[Result "0-1"]
[WhiteElo "2330"]
[BlackElo "2465"]

1.d4 Nf6 2.c4 e6 3.Nc3 Bb4 4.Nf3 b6 5.Bg5 Bb7 6.e3 h6 7.Bh4 c5 8.d5 O-O 9.Qc2 exd5
10.cxd5 Bxc3+ 11.bxc3 Bxd5 12.O-O-O Be4 13.Bd3 Bxd3 14.Rxd3 Re8 15.Rhd1 Re6
16.Rd6 Qe7 17.Qd3 Rxd6 18.Qxd6 Qxd6 19.Rxd6 Ne4 20.Rd3 f6 21.Bg3 Nc6 22.Rxd7 Nxc3
23.Nh4 Rd8 24.Rc7 Nb4 25.Nf5 Ne2+ 26.Kb2 Rd2+ 27.Kb3 Nc1+  0-1

[Event "Espoo"]
[Site "Espoo"]
[Date "1987.??.??"]
[Round "2"]
[White "Pulkkinen, Kari"]
[Black "Raaste, Eero J"]
[Result "1/2-1/2"]
[WhiteElo "2240"]
[BlackElo "2370"]

1.d4 Nf6 2.c4 e6 3.Nc3 Bb4 4.Nf3 c5 5.g3 Ne4 6.Qd3 f5 7.Bg2 Qa5 8.Bd2 Nxd2
9.Nxd2 cxd4 10.Qxd4 O-O 11.Nb3 Bxc3+ 12.bxc3 Qc7 13.c5 Nc6 14.Qd6 Qxd6 15.cxd6 b6
16.O-O Bb7 17.a4 Rfc8 18.Nd4 Na5 19.Nb5 Bxg2 20.Kxg2 a6 21.Nc7 Ra7 22.Rab1 Nc4
23.Rfd1 Kf7 24.Rd4 Nxd6 25.Rxd6 Rcxc7 26.Rbxb6 a5 27.Ra6 Rxa6 28.Rxa6 Rc5
29.e3 Ke7  1/2-1/2

[Event "Arnold Cup"]
[Site "Gausdal"]
[Date "1987.??.??"]
[Round "?"]
[White "Ward, Christopher"]
[Black "Lukacs, Peter"]
[Result "0-1"]
[WhiteElo "2300"]
[BlackElo "2500"]

1.d4 Nf6 2.c4 e6 3.Nc3 Bb4 4.Nf3 b6 5.Bg5 Bb7 6.e3 h6 7.Bh4 g5 8.Bg3 Ne4
9.Qc2 Bxc3+ 10.bxc3 Nxg3 11.fxg3 g4 12.Nh4 Qg5 13.Qf2 Be4 14.Be2 Nc6 15.O-O f5
16.h3 h5 17.Kh2 O-O-O 18.c5 Rdg8 19.cxb6 axb6 20.Rac1 Rh7 21.c4 Rhg7 22.hxg4 hxg4
23.Kg1 Ne7 24.c5 bxc5 25.Rxc5 Nd5 26.Re1 Rh7 27.Bc4 Nf6 28.Rc1 Kd8 29.Bb3 c6
30.a4 Ke7 31.a5 Bd3 32.Re5 Rb8 33.Ba2 Rb5 34.Rxb5 Bxb5 35.Bb1 Nh5 36.Rc3 Nxg3
37.Qxg3 Qxh4 38.Qxh4+ Rxh4 39.Ra3 Kd6 40.Bc2 Rh8 41.Ra1 Ra8 42.Kf2 c5 43.dxc5+ Kxc5
44.Rc1 Bc4 45.Ba4 d5 46.Kg3 Rxa5 47.Bc2 Ra3 48.Kf4 Rc3  0-1

[Event "Gausdal zt"]
[Site "Gausdal"]
[Date "1987.??.??"]
[Round "?"]
[White "Tiller, Bjorn"]
[Black "Bjarnason, Saevar"]
[Result "1/2-1/2"]
[WhiteElo "2400"]
[BlackElo "2355"]

1.d4 Nf6 2.c4 e6 3.Nc3 Bb4 4.Nf3 c5 5.g3 cxd4 6.Nxd4 Nc6 7.Bg2 O-O 8.O-O a6
9.Bf4 d5 10.cxd5 exd5 11.Rc1 Re8 12.a3 Bf8 13.Bg5 Be6 14.e3 Be7 15.Nde2 Qb6
16.Na4 Qa7 17.b4 Rad8 18.Nc5 h6 19.Bxf6 Bxf6 20.Qb3 Ne5 21.Nf4 b6 22.Ncxe6 fxe6
23.Nxe6 Rxe6 24.Bxd5 Rxd5 25.Rc8+ Kf7 26.Qxd5 Qd7 27.Qxd7+ Nxd7 28.Rd1 Ne5
29.a4 Be7 30.Ra8 Bxb4 31.Rxa6 Ba5 32.Ra7+ Kf6 33.Rc7 g5 34.h3 h5 35.Kg2 g4
36.Rd8 Ng6 37.Rh7 gxh3+ 38.Kxh3 b5 39.Rd5 Be1 40.Rhxh5 bxa4 41.Rhf5+ Ke7
42.Rd1 Bc3 43.Rc5 Bb2 44.Ra5 a3 45.Ra7+ Kf6 46.Ra4 Ne5 47.f4 Nc6 48.e4 Ke7
49.e5 Ke8 50.g4 Re7 51.Rd5 Ra7 52.Rxa7 Nxa7 53.Ra5 Nc6 54.Ra4 Nb4 55.Rxb4 a2
56.Ra4 a1=Q 57.Rxa1 Bxa1 58.g5 Kf7 59.Kg4 Bc3 60.Kh5 Kg7 61.e6 Bb4 62.Kg4 Be7
63.Kf5 Bd6 64.Ke4 Kg6  1/2-1/2

[Event "Bundesliga 8687"]
[Site "Germany"]
[Date "1987.??.??"]
[Round "?"]
[White "Bastian, Herbert"]
[Black "Neunhoeffer, Helmut"]
[Result "0-1"]
[WhiteElo "2375"]
[BlackElo "2235"]

1.d4 Nf6 2.c4 e6 3.Nc3 Bb4 4.Nf3 d5 5.g3 O-O 6.Bg2 dxc4 7.Ne5 Nd5 8.Bd2 Nb6
9.e3 f6 10.Nf3 Nc6 11.O-O e5 12.a3 Bd6 13.d5 Ne7 14.Qc2 Bd7 15.Rad1 Qe8 16.Bc1 Na4
17.Nd2 Nxc3 18.Qxc3 b5 19.b3 cxb3 20.Nxb3 Nc8 21.Nc5 Nb6 22.Nxd7 Qxd7 23.Be4 a5
24.Bb1 g6 25.f4 b4 26.axb4 axb4 27.Qc2 exf4 28.gxf4 f5 29.Bb2 Na4 30.Bd4 Qb5
31.Rc1 Rfb8 32.Qg2 Rf8 33.h4 Nc3 34.Rxc3 bxc3 35.h5 Bc5 36.Bxc3 Qb3 37.Be5 Qxe3+
38.Kh2 Bd6 39.Rf3 Qe1 40.Bc3 Qxb1 41.hxg6 h6 42.g7 Rf7 43.Rf2 Qe4 44.Qg3 Qc4
45.Bb2 Ra4 46.Qg6 Bxf4+ 47.Kh1 Qxd5+ 48.Rg2 Bg5 49.Kg1 Qd1+ 50.Kf2 Rf4+  0-1

[Event "Bundesliga 8687"]
[Site "Germany"]
[Date "1987.??.??"]
[Round "?"]
[White "Kurz, Alexander"]
[Black "Gerusel, Mathias"]
[Result "1/2-1/2"]
[WhiteElo "2290"]
[BlackElo "2390"]

1.d4 Nf6 2.c4 e6 3.Nc3 Bb4 4.Nf3 c5 5.g3 Nc6 6.Bg2 O-O 7.O-O d6 8.dxc5 dxc5
9.Bf4 Bxc3 10.bxc3 Qxd1 11.Rfxd1 Ne4 12.Ne5 f5 13.Nxc6 bxc6 14.Bd6 Rd8 15.Bxe4 fxe4
16.Bxc5 Ba6 17.Rd4 Rxd4 18.Bxd4 Bxc4 19.Rb1 Bxa2 20.Rb7 e5 21.Bxa7 Bc4 22.Kf1 Rd8  1/2-1/2

[Event "Bundesliga 8687"]
[Site "Germany"]
[Date "1987.??.??"]
[Round "?"]
[White "Kurz, Alexander"]
[Black "Roeder, Mathias"]
[Result "1-0"]
[WhiteElo "2290"]
[BlackElo "2280"]

1.d4 Nf6 2.c4 e6 3.Nc3 Bb4 4.Nf3 b6 5.Bg5 h6 6.Bh4 Bxc3+ 7.bxc3 Bb7 8.Nd2 d6
9.f3 Nbd7 10.e4 e5 11.Bd3 Nf8 12.Nf1 Ne6 13.Bf2 Nf4 14.Ne3 Nxd3+ 15.Qxd3 Qd7
16.O-O Nh5 17.g3 O-O-O 18.a4 a5 19.c5 dxc5 20.d5 Kb8 21.Rfb1 Ka7 22.Nc4 Ba6
23.Bxc5 bxc5 24.Qe3 Qe7 25.Nxa5 Qd6 26.Nc6+ Ka8 27.Rb5 Rb8 28.Rxc5 Rb3 29.Rb5  1-0

[Event "Bundesliga 8687"]
[Site "Germany"]
[Date "1987.??.??"]
[Round "?"]
[White "Steinbacher, Matthias"]
[Black "Ribli, Zoltan"]
[Result "0-1"]
[WhiteElo "2280"]
[BlackElo "2580"]

1.d4 Nf6 2.c4 e6 3.Nc3 Bb4 4.Nf3 c5 5.g3 Nc6 6.Bg2 Qa5 7.d5 Bxc3+ 8.bxc3 Ne7
9.Bd2 O-O 10.O-O Ng6 11.Re1 e5 12.e4 h6 13.a4 d6 14.Bf1 Qc7 15.Bd3 Bg4 16.Re3 Rae8
17.Qb1 Nf4 18.Nh4 Nxd3 19.Qxd3 g5 20.Ng2 Nh5 21.f3 Bh3 22.g4 Nf4 23.Nxf4 exf4
24.Re2 Re5 25.Kf2 f6 26.Rg1 Qh7 27.Ke1 Rfe8 28.Bxf4 gxf4 29.Qd2 h5 30.Qxf4 hxg4
31.Qxf6 R5e7 32.Qxd6 Rg7 33.f4 Rd7 34.Qxc5 Qh6 35.Qe3 Rf7 36.f5 Qh4+ 37.Rg3 Rxf5
38.exf5 Rxe3 39.Rxe3 Qf6 40.Re6 Qxf5 41.Rge3 Qb1+ 42.Kd2 Qa2+ 43.Kc1 Qa3+
44.Kc2 Kf7 45.d6 g3 46.Re7+ Kf6 47.Rxg3 Bf5+  0-1

[Event "Bundesliga 8687"]
[Site "Germany"]
[Date "1987.??.??"]
[Round "?"]
[White "Steinbacher, Matthias"]
[Black "Gruen, Peter"]
[Result "1-0"]
[WhiteElo "2280"]
[BlackElo "2395"]

1.d4 Nf6 2.c4 e6 3.Nc3 Bb4 4.Nf3 c5 5.g3 cxd4 6.Nxd4 O-O 7.Bg2 d5 8.O-O e5
9.Nxd5 Nxd5 10.Nc2 Nc3 11.bxc3 Qxd1 12.Rxd1 Bxc3 13.Ba3 Re8 14.Rab1 Nc6 15.Ne3 e4
16.Bd6 f5 17.Nd5 Ba5 18.f4 Bd8 19.Bf1 b6 20.c5 bxc5 21.e3 Bb6 22.Bb5 Bb7
23.Bc4 Kh8 24.Nc7 Rac8 25.Nxe8 Rxe8 26.Bc7 Na5 27.Bxb6 axb6 28.Rxb6 Nxc4
29.Rxb7 Nxe3 30.Rdd7 Rg8 31.h3 Nc2 32.Kf2 h5 33.a4 Re8 34.Rxg7 e3+ 35.Ke2 Nd4+
36.Kd3 e2 37.Rh7+ Kg8 38.Rbg7+ Kf8 39.Rh8+ Kxg7 40.Rxe8 Kf7 41.Rxe2  1-0

[Event "Bundesliga 8687"]
[Site "Germany"]
[Date "1987.??.??"]
[Round "?"]
[White "Kaiser, Wolfgang"]
[Black "Groenegress, Wilfried"]
[Result "1-0"]
[WhiteElo "2335"]
[BlackElo "2215"]

1.d4 Nf6 2.c4 e6 3.Nc3 Bb4 4.Nf3 Bxc3+ 5.bxc3 Ne4 6.e3 b6 7.Bd3 Bb7 8.Qc2 f5
9.O-O O-O 10.d5 Qe8 11.Ba3 d6 12.Nd4 exd5 13.cxd5 Bxd5 14.f3 Nf6 15.Nxf5 Nbd7
16.e4 Be6 17.Nd4 Ne5 18.f4 Nxd3 19.Qxd3 Rf7 20.e5 dxe5 21.fxe5 Nd5 22.c4 Nf4
23.Qe4 c5 24.Nb5 g5 25.Nd6 Qf8 26.Nxf7 Bxf7 27.e6 Nxe6 28.Rxf7 Kxf7 29.Rf1+ Nf4
30.g3  1-0

[Event "Bundesliga 8687"]
[Site "Germany"]
[Date "1987.??.??"]
[Round "?"]
[White "Kaiser, Wolfgang"]
[Black "Nonnenmacher, Eberhard"]
[Result "1/2-1/2"]
[WhiteElo "2335"]
[BlackElo "2305"]

1.d4 Nf6 2.c4 e6 3.Nc3 Bb4 4.Nf3 b6 5.Bg5 Bb7 6.e3 h6 7.Bh4 g5 8.Bg3 Ne4
9.Nd2 Nxg3 10.hxg3 Bxc3 11.bxc3 d6 12.Rb1 Nd7 13.a4 a5 14.g4 Rb8 15.f3 Kf8
16.Bd3 Nf6 17.Nf1 d5 18.Kf2 c5 19.Ng3 Qc7 20.Qe2 Bc6 21.cxd5 Nxd5 22.Ne4 Kg7
23.c4 Nf6 24.Nxf6 Kxf6 25.Qb2 Ke7 26.Qa3 Bd7 27.Rb2 Qd6 28.Rhb1  1/2-1/2

[Event "Bundesliga 8687"]
[Site "Germany"]
[Date "1987.??.??"]
[Round "?"]
[White "Kaiser, Wolfgang"]
[Black "Wiemer, Ralf"]
[Result "1-0"]
[WhiteElo "2335"]
[BlackElo "2325"]

1.d4 Nf6 2.c4 e6 3.Nc3 Bb4 4.Nf3 Ne4 5.Qc2 f5 6.e3 b6 7.Be2 Bb7 8.O-O O-O
9.Ne1 Qh4 10.f3 Bd6 11.f4 c5 12.Bf3 cxd4 13.Nxe4 fxe4 14.Bxe4 Bxe4 15.Qxe4 Nc6
16.Nf3 Qf6 17.Nxd4 Rac8 18.Nb3 Ne5 19.Nd2 Ng4 20.Nf3 Qf5 21.Qxf5 exf5 22.h3 Nf6
23.b3 Bc5 24.Nd4 Bxd4 25.exd4 d5 26.Ba3 Rfe8 27.c5 Re4 28.Rac1 Rxd4 29.Bb2 Re4
30.c6 d4 31.Rfd1 Re6 32.c7 Re7 33.Bxd4 Rexc7 34.Rxc7 Rxc7 35.Bxf6 gxf6 36.Rd5 Rc1+
37.Kh2 Rc5 38.Rd8+ Kf7 39.Rd7+ Kg6 40.Rxa7 Rc2 41.Rb7 Rxa2 42.Rxb6 Rd2 43.Kg3 Rd3+
44.Kf2 Rd2+ 45.Kf3 Rd3+ 46.Ke2 Rc3 47.Rb8 Rc2+ 48.Kd3 Rf2 49.Ke3 Rc2 50.Kd4 Kf7
51.b4 Rxg2 52.b5 Ke6 53.Rb6+ Kf7 54.Rc6 Rb2 55.Kc5 Rb3 56.b6 Kg6 57.Kd6 Rxh3
58.b7 Rb3 59.Kc7 Rxb7+ 60.Kxb7 Kh5 61.Rc1 Kg4 62.Rf1 Kg3 63.Kc6 Kg2 64.Ra1 Kf3
65.Ra4 h5 66.Kd5 h4 67.Ke6 Kg4 68.Kxf6 h3 69.Ke5  1-0

[Event "Graz op"]
[Site "Graz"]
[Date "1987.??.??"]
[Round "6"]
[White "Damljanovic, Branko"]
[Black "Averbakh, Yuri L"]
[Result "1-0"]
[WhiteElo "2500"]
[BlackElo "2465"]

1.d4 Nf6 2.c4 e6 3.Nc3 Bb4 4.Nf3 d5 5.Bg5 h6 6.Bxf6 Qxf6 7.e3 c6 8.Rc1 Nd7
9.a3 Bxc3+ 10.Rxc3 O-O 11.cxd5 exd5 12.Bd3 Re8 13.O-O Nf8 14.Qc2 Qd6 15.b4 a6
16.Rb1 Be6 17.a4 Nd7 18.h3 Nb6 19.Ne5 Re7 20.b5 cxb5 21.axb5 a5 22.Ra1 a4
23.Rc5 Rc8 24.Rxc8+ Bxc8 25.Qc5 Qxc5 26.dxc5 Rxe5 27.cxb6 Bf5 28.Bxf5 Rxf5
29.Rxa4 Rf6 30.Ra8+ Kh7 31.Rd8 Rxb6 32.Rxd5 Kg6 33.e4 Kf6 34.f4 Re6 35.e5+ Kf5
36.Rd7 Kxf4 37.Rxf7+ Kxe5 38.Rxb7 g5 39.Kf2 Kd5 40.Rf7 Rb6 41.Rf5+ Ke4 42.Rc5 Kd4
43.Rf5 Ke4 44.g4 Rd6 45.Kg2 Rb6 46.Kf2 Rd6 47.Kg2 Rd3 48.Rf6 Rb3 49.b6 Rb2+
50.Kf1 Ke3 51.Rxh6 Kf3 52.Ke1 Ke3 53.Kd1 Kd3 54.Kc1  1-0

[Event "Graz op"]
[Site "Graz"]
[Date "1987.??.??"]
[Round "8"]
[White "Medancic, Rikard"]
[Black "Cebalo, Miso"]
[Result "0-1"]
[WhiteElo "2320"]
[BlackElo "2500"]

1.d4 Nf6 2.c4 e6 3.Nc3 Bb4 4.Nf3 b6 5.Bg5 Bb7 6.e3 h6 7.Bh4 Bxc3+ 8.bxc3 d6
9.Nd2 Nbd7 10.f3 O-O 11.e4 e5 12.Be2 Re8 13.Nf1 Nf8 14.c5 Ng6 15.Bf2 d5 16.dxe5 Nxe5
17.cxb6 axb6 18.f4 Ng6 19.e5 Nxf4 20.exf6  0-1

[Event "Hamburg-ch"]
[Site "Hamburg"]
[Date "1987.??.??"]
[Round "?"]
[White "Cordes, Hans Joerg"]
[Black "Wahls, Matthias"]
[Result "1/2-1/2"]
[WhiteElo "2305"]
[BlackElo "2440"]

1.d4 Nf6 2.c4 e6 3.Nc3 Bb4 4.Nf3 c5 5.g3 O-O 6.Bg2 cxd4 7.Nxd4 d5 8.cxd5 Nxd5
9.Bd2 Bxc3 10.bxc3 e5 11.Nc2 Nc6 12.c4 Nb6 13.c5 Nc4 14.Nb4 Qe7 15.Rc1 Qxc5
16.Nxc6 bxc6 17.Qa4 Be6 18.Bb4 Qd4 19.Bc3 Qc5 20.Bb4 Qd4 21.Bc3 Qc5 22.Bb4  1/2-1/2

[Event "Hamburg-ch"]
[Site "Hamburg"]
[Date "1987.??.??"]
[Round "?"]
[White "Cordes, Hans Joerg"]
[Black "Reddmann, Hauke"]
[Result "1-0"]
[WhiteElo "2305"]
[BlackElo "2290"]

1.d4 Nf6 2.c4 e6 3.Nc3 Bb4 4.Nf3 b6 5.Qb3 Qe7 6.g3 Bb7 7.Bg2 Nc6 8.O-O Bxc3
9.Qxc3 Ne4 10.Qc2 f5 11.a3 g5 12.d5 Nd8 13.b4 Nf7 14.Bb2 Rg8 15.Nd4 O-O-O
16.f3 Nf6 17.e4 fxe4 18.fxe4 Ng4 19.Qe2 Nge5 20.Rac1 Ba6 21.b5 Bb7 22.Nb3 Kb8
23.c5 g4 24.d6 cxd6 25.cxb6 Nf3+ 26.Kh1 axb6 27.Qe3 d5 28.Qxb6 Qd6 29.Qa5 Rc8
30.b6 Rc6 31.Rxc6 dxc6 32.Nc5 Nd8 33.Bxf3 Kc8 34.Be2  1-0

[Event "Hamburg-ch"]
[Site "Hamburg"]
[Date "1987.??.??"]
[Round "?"]
[White "Cordes, Hans Joerg"]
[Black "Joecks, Christian"]
[Result "0-1"]
[WhiteElo "2305"]
[BlackElo "2255"]

1.d4 Nf6 2.c4 e6 3.Nc3 Bb4 4.Nf3 c5 5.g3 Nc6 6.Bg2 Qa5 7.O-O Bxc3 8.bxc3 Qxc3
9.Bd2 Qxc4 10.Rc1 Qxa2 11.dxc5 O-O 12.Bf4 Re8 13.Nd2 e5 14.Bg5 Qe6 15.Bxf6 Qxf6
16.Ne4 Qe7 17.Nd6 Rf8 18.f4 Kh8 19.Bd5 f6 20.Rc4 b6 21.fxe5 Nxe5 22.Re4 Rb8
23.Qb3 g6 24.Ra1 a6 25.Qb2 a5 26.Qb5 f5 27.Re3 Qf6 28.Ra4 Ng4 29.Ne8 Qg5
30.Qb2+ Nf6 31.Rf4 Ba6 32.h4 Qh6 33.Nxf6 Qg7 34.g4 bxc5 35.Qa3 Qxf6 36.g5 Qb2
37.Qxc5 Rfc8 38.Qd4+ Qxd4 39.Rxd4 Re8 40.Rxe8+ Rxe8 41.e4 fxe4 42.Bxe4 Bb5
43.Kf2 Kg7 44.Kf3 Kf7 45.Kf4 Ke6 46.Rd5 Rb8 47.Re5+ Kf7 48.h5 a4 49.Bd5+ Kg7
50.h6+  0-1

[Event "POL-chT"]
[Site "Jachranka"]
[Date "1987.??.??"]
[Round "8"]
[White "Sarwinski, Miroslaw"]
[Black "Luczak, Andrzej"]
[Result "1-0"]
[WhiteElo "2395"]
[BlackElo "2350"]

1.d4 Nf6 2.c4 e6 3.Nc3 Bb4 4.Nf3 d5 5.e3 c5 6.Bd3 O-O 7.O-O Nc6 8.a3 dxc4
9.Bxc4 Ba5 10.Bd3 Qe7 11.Ne4 Nxe4 12.Bxe4 Rd8 13.Qc2 cxd4 14.Bxh7+ Kh8 15.b4 Bc7
16.exd4 Nxd4 17.Nxd4 Rxd4 18.g3 b6 19.Be4 Rb8 20.Bb2 Rd8 21.Qe2 Kg8 22.Rfe1 Qf8
23.Rac1 Bd6 24.Rc4 f5 25.Bc2 Re8 26.Rxc8 Rbxc8 27.Bb3 g6 28.Qf1 Qf7 29.Qh3 Qh7
30.Rxe6 Rc1+ 31.Re1+ Kf8 32.Qxh7  1-0

[Event "Jurmala"]
[Site "Jurmala"]
[Date "1987.??.??"]
[Round "?"]
[White "Toshkov, Tihomir"]
[Black "Psakhis, Lev"]
[Result "1/2-1/2"]
[WhiteElo "2460"]
[BlackElo "2575"]

1.d4 Nf6 2.c4 e6 3.Nc3 Bb4 4.Nf3 b6 5.Bg5 h6 6.Bxf6 Bxc3+ 7.bxc3 Qxf6 8.e4 d6
9.e5 Qe7 10.Bd3 Bb7 11.O-O Nd7 12.Re1 O-O 13.Be4 Bxe4 14.Rxe4 Rac8 15.Qa4 dxe5
16.Nxe5 Nxe5 17.Rxe5 c6 18.Rae1 Rfd8 19.Qa6 Qc7 20.h4 Rd6 21.Qa4 Rcd8 22.Qc2 c5
23.d5 Qd7 24.Qd3 Qa4 25.h5 b5 26.Qe2 Qxc4 27.Qxc4 bxc4 28.dxe6 Rxe6 29.Rxe6  1/2-1/2

[Event "Jurmala"]
[Site "Jurmala"]
[Date "1987.??.??"]
[Round "?"]
[White "Toshkov, Tihomir"]
[Black "Kosten, Anthony C"]
[Result "1-0"]
[WhiteElo "2460"]
[BlackElo "2495"]

1.d4 Nf6 2.c4 e6 3.Nc3 Bb4 4.Nf3 b6 5.Bg5 Bb7 6.e3 h6 7.Bh4 Bxc3+ 8.bxc3 d6
9.Nd2 Nbd7 10.a4 a5 11.Rb1 O-O 12.Bd3 Qe8 13.O-O e5 14.e4 Nh7 15.Bg3 c5 16.Re1 Qe6
17.f4 f6 18.d5 Qe7 19.f5 Rfb8 20.Bf2 Ba6 21.Re3 Rb7 22.Rg3 Kh8 23.Be3 Rg8
24.Nf3 Ndf8 25.Nh4 Rb8 26.Ng6+ Nxg6 27.fxg6 Nf8 28.Qh5 Bc8 29.Be2 Bd7 30.Bg4 Bxg4
31.Rxg4 Rb7 32.Rf1 Qd7 33.Qh4 Qe8 34.Rxf6  1-0

[Event "Leningrad"]
[Site "Leningrad"]
[Date "1987.??.??"]
[Round "?"]
[White "Salov, Valery"]
[Black "Vaganian, Rafael A"]
[Result "0-1"]
[WhiteElo "2550"]
[BlackElo "2590"]

1.d4 Nf6 2.c4 e6 3.Nc3 Bb4 4.Nf3 b6 5.Bg5 Bb7 6.e3 Bxc3+ 7.bxc3 Qe7 8.Nd2 e5
9.Be2 exd4 10.cxd4 Bxg2 11.Rg1 Bb7 12.Bh4 Rg8 13.Rb1 Nc6 14.c5 Kf8 15.d5 Ne5
16.d6 cxd6 17.cxb6 axb6 18.Rxb6 Bc6 19.Qb1 Qe6 20.Nb3 Ne8 21.Nd4 Qxa2 22.Qxa2 Rxa2
23.f4 Ng6 24.Bg3 Ne7 25.Rb8 g6 26.Bh4 Nd5 27.Rg3 Ra8 28.Nxc6 Ra1+ 29.Kf2 dxc6
30.Bc4 f5 31.Rc8 Rg7 32.Rxc6 Rb7 33.Kf3 Rb2 34.Rh3 Nb6 35.Be2 Raa2 36.Bf1 Ra3
37.Rc1 Nd5 38.Re1 Nc3 39.Bc4 d5 40.Bd3 Ne4  0-1

[Event "Marseille"]
[Site "Marseille"]
[Date "1987.??.??"]
[Round "?"]
[White "Agdestein, Simen"]
[Black "Miralles, Gilles"]
[Result "1-0"]
[WhiteElo "2565"]
[BlackElo "2425"]

1.d4 Nf6 2.c4 e6 3.Nc3 Bb4 4.Nf3 c5 5.e3 d5 6.a3 Bxc3+ 7.bxc3 O-O 8.Bb2 Nc6
9.Rc1 Qe7 10.Nd2 dxc4 11.Bxc4 e5 12.d5 Na5 13.Ba2 b6 14.c4 Nb7 15.e4 Nd6
16.Bb1 g6 17.O-O Nh5 18.g3 Bh3 19.Re1 Rae8 20.Bd3 Bd7 21.Qc2 f6 22.Kh1 Nf7
23.Re3 Qd6 24.Bc3 Ng7 25.Qb2 g5 26.Nf3 Nh8 27.a4 Ng6 28.a5 Rb8 29.axb6 axb6
30.Ra1 Ne8 31.h4 g4 32.Nh2 h5 33.f3 gxf3 34.Rxf3 Ng7 35.Raf1 Rf7 36.Qd2 Bh3
37.Rb1 Rbf8 38.Qh6 f5 39.Re3 Rf6 40.Qg5 fxe4 41.Bxe4 Bf5 42.Rbe1 b5 43.g4 hxg4
44.Nxg4 Bxe4+ 45.Rxe4 Rf3 46.Bxe5 Nxe5 47.Qxe5 Qd8 48.Rg1 Qxh4+ 49.Nh2 Qh6
50.Reg4 R3f7 51.Rg6 Qh7 52.cxb5 Kh8 53.d6 c4 54.Qd4 Rc8 55.Qe3 Nf5 56.Qe5+ Ng7
57.Qe3 Nf5 58.Qc3+ Rg7 59.Rxg7 Nxg7 60.d7 Rd8 61.Qxc4 Qf5 62.Qh4+  1-0

[Event "New York op"]
[Site "New York"]
[Date "1987.??.??"]
[Round "?"]
[White "Cvitan, Ognjen"]
[Black "Abramovic, Bosko"]
[Result "1/2-1/2"]
[WhiteElo "2500"]
[BlackElo "2420"]

1.d4 Nf6 2.c4 e6 3.Nc3 Bb4 4.Nf3 c5 5.g3 d5 6.cxd5 Nxd5 7.Bd2 cxd4 8.Nxd5 Bxd2+
9.Qxd2 Qxd5 10.Qxd4 Qxd4 11.Nxd4 Bd7 12.Bg2 Nc6 13.Bxc6 Bxc6 14.Nxc6 bxc6
15.O-O-O Rd8 16.Kc2 Rd7 17.Kc3 Kd8 18.Kc4 Rxd1 19.Rxd1+ Kc7 20.Rd3 h5 21.b4 Rb8
22.Ra3 Kb6 23.Rd3 Kc7 24.Rf3 f6 25.Re3 e5 26.f4 exf4 27.gxf4 g5 28.fxg5 fxg5
29.Re5 Rg8 30.Kc5 h4 31.Re7+ Kb8 32.h3 g4 33.hxg4 Rh8 34.Rf7 h3 35.Rf1 Kc7
36.Rh1 h2 37.e4 Rh4 38.e5 Kd7 39.a4 Ke6 40.a5 Kxe5 41.Kxc6 Kf4 42.Kb7 Rh7+
43.Kc6 Kxg4 44.b5 Kg3 45.b6  1/2-1/2

[Event "Pavlodar"]
[Site "Pavlodar"]
[Date "1987.??.??"]
[Round "?"]
[White "Sideif Sade, Fikret I"]
[Black "Kengis, Edvins"]
[Result "0-1"]
[WhiteElo "2385"]
[BlackElo "2475"]

1.d4 Nf6 2.c4 e6 3.Nc3 Bb4 4.Nf3 b6 5.Bg5 h6 6.Bh4 Bb7 7.e3 g5 8.Bg3 Ne4
9.Qc2 Bxc3+ 10.bxc3 Nxg3 11.hxg3 g4 12.Ne5 h5 13.c5 Nc6 14.Ng6 Rh6 15.Nf4 e5
16.dxe5 Qg5 17.cxb6 axb6 18.Bc4 Qxe5 19.e4 Ne7 20.O-O-O b5 21.Bb3 Bxe4 22.Qd2 Rd6
23.Qe3 Nf5 24.Qe1 Rxd1+ 25.Kxd1 Ra6 26.Kc1 Rc6 27.Kb2 b4 28.Nd5 bxc3+ 29.Nxc3 Nd6
30.Qe3 f5 31.Rc1 Nb5 32.a4 Nxc3 33.Rxc3 d5 34.Qd2 Rxc3 35.Qxc3 Qxc3+ 36.Kxc3 c5
37.a5 Kd7 38.Ba4+ Kc7 39.Be8 Bxg2 40.Bxh5 Kb7 41.Kb3 Ka6 42.Ka4 Be4 43.Bf7 Bc2+
44.Ka3 d4 45.Kb2 Bd3 46.Kb3 Kxa5 47.Be6  0-1

[Event "Philadelphia op"]
[Site "Philadelphia"]
[Date "1987.??.??"]
[Round "?"]
[White "Stone, Raymond"]
[Black "Djuric, Stefan"]
[Result "1/2-1/2"]
[WhiteElo "2340"]
[BlackElo "2465"]

1.d4 Nf6 2.c4 e6 3.Nf3 Bb4+ 4.Nc3 d5 5.Bg5 h6 6.Bxf6 Bxc3+ 7.bxc3 Qxf6 8.e3 O-O
9.Bd3 c5 10.O-O Nd7 11.cxd5 exd5 12.c4 cxd4 13.Nxd4 dxc4 14.Bxc4 Ne5 15.Bd5 Rd8
16.Qb3 a5 17.a4 Qd6 18.e4 Qb4 19.Qxb4 axb4 20.Rfb1 Nd3 21.g3 Ra5 22.Rb3 Nc5
23.Rxb4 Bd7 24.Nb3 Nxb3 25.Bxb3 Bc6 26.Rd1 Rxd1+ 27.Bxd1 Rc5 28.Kf1 Kf8 29.Ke2 Ke7
30.Kd2 g5 31.Rd4 Ra5 32.h4 f5 33.hxg5 hxg5 34.exf5 Rxf5 35.f4 gxf4 36.gxf4 b5
37.axb5  1/2-1/2

[Event "Portoroz"]
[Site "Portoroz"]
[Date "1987.??.??"]
[Round "?"]
[White "Sokolov, Ivan"]
[Black "Csom, Istvan"]
[Result "1-0"]
[WhiteElo "2425"]
[BlackElo "2485"]

1.d4 Nf6 2.c4 e6 3.Nc3 Bb4 4.Nf3 c5 5.g3 cxd4 6.Nxd4 Qc7 7.Qd3 a6 8.Bg2 Nc6
9.O-O Ne5 10.Qc2 Qxc4 11.Rd1 d5 12.Bg5 Bd7 13.Bxf6 gxf6 14.e4 Bxc3 15.bxc3 dxe4
16.Qxe4 O-O 17.Qh4 Kg7 18.Bxb7 Rad8 19.Be4 h6 20.Rac1 Qc7 21.Bb1 Bc8 22.Qe4 Rh8
23.Qf4 Bb7 24.Be4 Rhe8 25.c4 Rd7 26.c5 Bxe4 27.Qxe4 Red8 28.Kg2 f5 29.Qf4 Rd5
30.c6 Rc8 31.Kh3 Ng6 32.Qe3 f4 33.Qc3  1-0